[Event "Styrian op U08/12 25th"]
[Site "Mureck"]
[Date "2018.08.03"]
[Round "3"]
[White "Stoll, Elias"]
[Black "Strobl, Philipp"]
[Result "1/2-1/2"]
[WhiteElo "1058"]
[BlackElo "860"]
[PlyCount "92"]
[EventDate "2018.08.01"]
[EventType "swiss"]
[EventRounds "9"]
[EventCountry "AUT"]
[SourceTitle "CBM 186 Extra"]
[Source "ChessBase"]
[SourceDate "2018.08.24"]
[SourceVersion "1"]
[SourceVersionDate "2018.08.24"]
[SourceQuality "1"]

1. e4 c5 2. Nf3 d6 3. Bb5+ Bd7 4. Bxd7+ Nxd7 5. c3 Ngf6 6. Qe2 e6 7. 0-0 Be7 8. d4 0-0 9. Bg5 d5 10. e5 Ne4 11. Bxe7 Qxe7 12. Nbd2 Nxd2 13. Qxd2 c4 14. Qc2 b5 15. b3 a6 16. bxc4 bxc4 17. Rab1 Rab8 18. h3 h6 19. Rfe1 f6 20. Rb2 Rxb2 21. Qxb2 Rb8 22. Qc2 fxe5 23. Nxe5 Nxe5 24. dxe5 Qd7 25. Rd1 Qb5 26. Re1 Qb2 27. Qc1 Qxa2 28. Qa1 Qxa1 29. Rxa1 Ra8 30. Kh2 a5 31. Kg3 g5 32. Kf3 Kg7 33. g3 Kg6 34. g4 h5 35. Rb1 a4 36. Ke2 a3 37. Kd2 a2 38. Ra1 hxg4 39. hxg4 Rf8 40. Ke3 Ra8 41. f3 Ra3 42. Kd4 Ra5 43. Ke3 Ra3 44. Kd2 Ra8 45. Ke3 Ra3 46. Kd4 Ra5 1/2-1/2

[Event "Styrian op U08/10 23nd"]
[Site "Mureck"]
[Date "2016.08.09"]
[Round "7.1"]
[White "Strobl, Philipp"]
[Black "Kastelic, Amadej"]
[Result "1/2-1/2"]
[WhiteElo "924"]
[BlackElo "1187"]
[PlyCount "79"]
[EventDate "2016.08.03"]
[EventType "swiss"]
[EventRounds "9"]
[EventCountry "AUT"]
[SourceTitle "EXT 2024"]
[Source "ChessBase"]
[SourceDate "2023.10.10"]
[SourceVersion "1"]
[SourceVersionDate "2023.10.10"]
[SourceQuality "1"]

1. e4 c5 2. Nf3 e6 3. d4 cxd4 4. Nxd4 a6 5. Nc3 Qc7 6. Be3 Nf6 7. Bd3 Bb4 8. Qd2 0-0 9. 0-0 Bxc3 10. Qxc3 Qxc3 11. bxc3 Nc6 12. Nxc6 bxc6 13. Rab1 Ng4 14. Bc5 Re8 15. f3 Ne5 16. c4 f6 17. Rb2 Nf7 18. Rfb1 d6 19. Be3 Bd7 20. Rb7 Red8 21. Bb6 Bc8 22. Bxd8 Bxb7 23. Rxb7 Rxd8 24. Rb6 c5 25. Rxa6 Ne5 26. Rb6 Nxd3 27. cxd3 d5 28. Rxe6 dxc4 29. dxc4 Rd1+ 30. Kf2 Ra1 31. Kg3 Rxa2 32. Rc6 Ra5 33. Kf4 Ra2 34. Rxc5 Rxg2 35. Rd5 Rxh2 36. c5 Rc2 37. e5 Rc4+ 38. Kf5 fxe5 39. Kxe5 h5 40. Kd6 1/2-1/2

[Event "Styrian op U08/10 23nd"]
[Site "Mureck"]
[Date "2016.08.08"]
[Round "6.3"]
[White "Strobl, Philipp"]
[Black "Leitner, Thomas"]
[Result "1/2-1/2"]
[WhiteElo "924"]
[BlackElo "898"]
[PlyCount "66"]
[EventDate "2016.08.03"]
[EventType "swiss"]
[EventRounds "9"]
[EventCountry "AUT"]
[SourceTitle "EXT 2024"]
[Source "ChessBase"]
[SourceDate "2023.10.10"]
[SourceVersion "1"]
[SourceVersionDate "2023.10.10"]
[SourceQuality "1"]

1. e4 e5 2. Nf3 Nc6 3. Nc3 Nf6 4. Bb5 Bc5 5. d3 d6 6. 0-0 Bg4 7. Bg5 h6 8. Bh4 g5 9. Bg3 a6 10. Bxc6+ bxc6 11. Na4 Bd4 12. c3 Bb6 13. Nxb6 cxb6 14. d4 exd4 15. cxd4 Nxe4 16. Re1 d5 17. Qd3 f5 18. Nd2 Qe7 19. Nxe4 fxe4 20. Qc3 c5 21. f3 Bf5 22. Be5 Rg8 23. g4 Bg6 24. dxc5 Qxc5+ 25. Bd4 Qxc3 26. bxc3 b5 27. a4 bxa4 28. Rxa4 Kd7 29. Ra5 Rae8 30. Rxd5+ Kc6 31. fxe4 Bxe4 32. Re5 Rxe5 33. Bxe5 Kd5 1/2-1/2

[Event "Styrian op U08/10 23nd"]
[Site "Mureck"]
[Date "2016.08.05"]
[Round "3.4"]
[White "Knafl, Martin"]
[Black "Strobl, Philipp"]
[Result "1-0"]
[WhiteElo "837"]
[BlackElo "924"]
[PlyCount "45"]
[EventDate "2016.08.03"]
[EventType "swiss"]
[EventRounds "9"]
[EventCountry "AUT"]
[SourceTitle "EXT 2024"]
[Source "ChessBase"]
[SourceDate "2023.10.10"]
[SourceVersion "1"]
[SourceVersionDate "2023.10.10"]
[SourceQuality "1"]

1. e4 c5 2. Bc4 d6 3. Qf3 Nf6 4. b3 g6 5. Ba3 Bg7 6. Nc3 0-0 7. 0-0-0 Qa5 8. Nb1 b5 9. Bd5 Nxd5 10. exd5 b4 11. Bb2 Bxb2+ 12. Kxb2 Qa3+ 13. Nxa3 bxa3+ 14. Kc1 Na6 15. Qg3 c4 16. bxc4 Rb8 17. Nf3 Bd7 18. Ng5 Rb6 19. Qh4 h5 20. Qf4 Rfb8 21. d3 Rb2 22. Qxf7+ Kh8 23. Qh7# 1-0

[Event "EU Union-ch U08 13th"]
[Site "Mureck"]
[Date "2015.08.09"]
[Round "5"]
[White "Strobl, Philipp"]
[Black "Musaev, Matej Elbek"]
[Result "0-1"]
[WhiteElo "825"]
[BlackElo "1388"]
[PlyCount "50"]
[EventDate "2015.08.05"]
[EventType "swiss"]
[EventRounds "9"]
[EventCountry "AUT"]
[SourceTitle "EXT 2016"]
[Source "ChessBase"]
[SourceDate "2015.10.08"]
[SourceVersion "1"]
[SourceVersionDate "2015.10.08"]
[SourceQuality "1"]

1. e4 e5 2. Nf3 Nc6 3. Bb5 Nf6 4. 0-0 Bc5 5. Re1 d6 6. Nc3 0-0 7. d3 Bg4 8. Bg5 Nd4 9. Bc4 c6 10. a3 Nxf3+ 11. gxf3 Be6 12. b4 Bd4 13. Qd2 Rc8 14. Bxe6 fxe6 15. Rab1 d5 16. exd5 exd5 17. f4 exf4 18. Ne2 Bb6 19. Nxf4 Ne4 20. dxe4 Qxg5+ 21. Kf1 Qxf4 22. Qxf4 Rxf4 23. exd5 Rxf2+ 24. Kg1 Rxc2+ 25. Kf1 Rf8# 0-1

[Event "AUT-ch U08"]
[Site "Woerth"]
[Date "2015.06.06"]
[Round "5.2"]
[White "Strobl, Philipp"]
[Black "Wendl, Philipp"]
[Result "0-1"]
[WhiteElo "920"]
[BlackElo "1086"]
[PlyCount "46"]
[EventDate "2015.06.05"]
[EventType "swiss"]
[EventRounds "7"]
[EventCountry "AUT"]
[SourceTitle "EXT 2024"]
[Source "ChessBase"]
[SourceDate "2023.10.10"]
[SourceVersion "1"]
[SourceVersionDate "2023.10.10"]
[SourceQuality "1"]

1. e4 e5 2. Nf3 Nc6 3. Bb5 Nf6 4. 0-0 Bc5 5. Nc3 d6 6. d3 a6 7. Bxc6+ bxc6 8. Bg5 h6 9. Bxf6 Qxf6 10. a3 Qg6 11. b4 Ba7 12. Nh4 Qg5 13. g3 Bg4 14. Qc1 Bh3 15. Qxg5 hxg5 16. Ng2 0-0-0 17. Na4 Rh7 18. c4 Rdh8 19. b5 g4 20. bxc6 Bxg2 21. Kxg2 Rxh2+ 22. Kg1 Rh1+ 23. Kg2 R8h2# 0-1